000 00566nam a22001817a 4500
005 20251108172233.0
008 250721s2000 xx 000 0 ara d
082 1 4 _a004/إبر
100 1 _aإبراهيم، معن عبد المجيد
245 1 0 _aأسياسات علم الحاسوب :
_bطرق و تطبيقات بلغة بيسك /
264 1 _aعمان :
_bدار الوراق للنشر،
_c2000.
300 _a249ص
650 1 7 _aالحواسيب
650 1 7 _aبرمجة الحواسيب
650 1 7 _aبيسك
942 _2ddc
_cBK
999 _c73904
_d73904